00839naa#a2200193#i#4500001001400000005001700014011001400031100004100045101000800086102000700094200018000101210013000281215001000411608004500421700005200466700005600518700005700574856001400631RU\\bibl\662820260414235833.2##a1992-5980##a20150930b2015####ek#y0rusy0150####ca0#aRUS##aRU1#aВлияние надреза на склонность сварных соединений к межзеренному разрушениюeЖурнальная статья1#aРостов-на-ДонуcДонской государственный технический университетd2015##a6 с.##aЖурнальная статья2local#1aПолетаевgВалерий Юрьевич#1aПолетаевgЮрий Вениаминович#1aРогозинgДмитрий Викторович4#azh-szf.ru